<?xml version="1.0" encoding="UTF-8"?><?xml-stylesheet type="text/xsl" href="static/style.xsl"?><OAI-PMH xmlns="http://www.openarchives.org/OAI/2.0/" xmlns:xsi="http://www.w3.org/2001/XMLSchema-instance" xsi:schemaLocation="http://www.openarchives.org/OAI/2.0/ http://www.openarchives.org/OAI/2.0/OAI-PMH.xsd"><responseDate>2026-04-27T21:26:39Z</responseDate><request verb="GetRecord" identifier="oai:riubu.ubu.es:10259/11401" metadataPrefix="marc">https://riubu.ubu.es/oai/request</request><GetRecord><record><header><identifier>oai:riubu.ubu.es:10259/11401</identifier><datestamp>2026-02-19T01:05:47Z</datestamp><setSpec>com_10259_8983</setSpec><setSpec>com_10259_5086</setSpec><setSpec>com_10259_2604</setSpec><setSpec>com_10259_6251</setSpec><setSpec>com_10259_4707</setSpec><setSpec>col_10259_10224</setSpec><setSpec>col_10259_7318</setSpec><setSpec>col_10259_10218</setSpec></header><metadata><record xmlns="http://www.loc.gov/MARC21/slim" xmlns:doc="http://www.lyncode.com/xoai" xmlns:xsi="http://www.w3.org/2001/XMLSchema-instance" xmlns:dcterms="http://purl.org/dc/terms/" xsi:schemaLocation="http://www.loc.gov/MARC21/slim http://www.loc.gov/standards/marcxml/schema/MARC21slim.xsd">
<leader>00925njm 22002777a 4500</leader>
<datafield tag="042" ind1=" " ind2=" ">
<subfield code="a">dc</subfield>
</datafield>
<datafield tag="720" ind1=" " ind2=" ">
<subfield code="a">Briones Llorente, Raúl</subfield>
<subfield code="e">author</subfield>
</datafield>
<datafield tag="720" ind1=" " ind2=" ">
<subfield code="a">Muñoz Rujas, Natalia</subfield>
<subfield code="e">author</subfield>
</datafield>
<datafield tag="720" ind1=" " ind2=" ">
<subfield code="a">Martín, Alexander</subfield>
<subfield code="e">author</subfield>
</datafield>
<datafield tag="720" ind1=" " ind2=" ">
<subfield code="a">Millán García, José Antonio</subfield>
<subfield code="e">author</subfield>
</datafield>
<datafield tag="720" ind1=" " ind2=" ">
<subfield code="a">Rodríguez Sáiz, Ángel</subfield>
<subfield code="e">author</subfield>
</datafield>
<datafield tag="720" ind1=" " ind2=" ">
<subfield code="a">Aguilar Romero, Fernando</subfield>
<subfield code="e">author</subfield>
</datafield>
<datafield tag="720" ind1=" " ind2=" ">
<subfield code="a">Rubio Pérez, Gabriel</subfield>
<subfield code="e">author</subfield>
</datafield>
<datafield tag="260" ind1=" " ind2=" ">
<subfield code="c">2023-07</subfield>
</datafield>
<datafield tag="520" ind1=" " ind2=" ">
<subfield code="a">Architecture, Engineering and Construction are currently undergoing an energy-digital transition towards a decarbonised and sustainable scene. Energy assessment of buildings through Building Energy Modelling tools allows for in-depth analyses for energy optimization and establishing quantitative proposals for building improvement. This paper shows a comparative study of three programs used for energy simulation of buildings: TRNSYS, HULC and SG SAVE. They have been applied to four Research and Development (R&amp;D) Projects: the energy assessment of a hospital, the energy behaviour of two partially recycled construction materials, and the cost-effectiveness study of energy efficiency measures and renewable energy at the district level, to validate their handling, precision, and result reliability. The comparative assessment shows SG SAVE is the best-valued software: it is free and easy to use, complies with the Spanish energy regulations more easily than HULC, and along with Open Studio makes complex calculations similar to TRNSYS.</subfield>
</datafield>
<datafield tag="024" ind2=" " ind1="8">
<subfield code="a">978-981-99-2713-5</subfield>
</datafield>
<datafield tag="024" ind2=" " ind1="8">
<subfield code="a">978-981-99-2714-2</subfield>
</datafield>
<datafield tag="024" ind2=" " ind1="8">
<subfield code="a">https://hdl.handle.net/10259/11401</subfield>
</datafield>
<datafield tag="024" ind2=" " ind1="8">
<subfield code="a">10.1007/978-981-99-2714-2_27</subfield>
</datafield>
<datafield ind1=" " ind2=" " tag="653">
<subfield code="a">Cost-effectiveness</subfield>
</datafield>
<datafield ind1=" " ind2=" " tag="653">
<subfield code="a">Energy efficiency</subfield>
</datafield>
<datafield ind1=" " ind2=" " tag="653">
<subfield code="a">Energy simulation</subfield>
</datafield>
<datafield ind1=" " ind2=" " tag="653">
<subfield code="a">R&amp;D</subfield>
</datafield>
<datafield ind1=" " ind2=" " tag="653">
<subfield code="a">Recycled materials</subfield>
</datafield>
<datafield ind1=" " ind2=" " tag="653">
<subfield code="a">Urban district</subfield>
</datafield>
<datafield tag="245" ind1="0" ind2="0">
<subfield code="a">Comparative Study of Building Energy Simulation Software Applied to Research Projects. Cases of Study in Spain and Portugal</subfield>
</datafield>
</record></metadata></record></GetRecord></OAI-PMH>